000 00424nam a2200181Ia 4500
008 220531s9999 xx 000 0 und d
041 _aeng
082 _a-
_bPAR / BER
100 _aBerry, Steve
_980309
245 _aParis Vendetta
250 _a1ST
260 _aNew York
_bBallantine
_c2009
300 _a418
542 _d12-09-2017
650 _aNovel
_980310
906 _d2017-2018
_f11223
999 _c44398
_d44398